00296nam a2200121Ia 4500008004100000082001600041100001700057245003800074250000800112260003800120300000800158650000800166191201s2011 xx 000 0 und d a658.18bBAI aBASCUNAN,F.L 0aInternational Business Management a1st aN. DelhibGlobal vision pubc2011 a372 aBBA